000 00580nam a2200181Ia 4500
003 GCL
008 140319s9999 xx 000 0 ara d
040 _aGCL /
_cGCL
082 0 4 _a301.242
_bم ت
100 1 _aمريم احمد مصطفى عبد الحميد
245 1 0 _aالتغير ودراسة المستقبل /
_cمريم احمد مصطفى عبد الحميد
260 _a[S.N] :
_bدار المعرفة الجامعية ،
_c1993
300 _a319 ص
490 _a
650 0 4 _aالاجتماع
650 0 4 _aالتغير الاجتماعى
942 _2ddc
_cBK
999 _c28346
_d28346